000 00275nam a22001337a 4500
008 170612b xxu||||| |||| 00| 0 eng d
020 _a9780679640509
041 _aeng
080 _a94
100 _a17
101 _aSHH
245 _aCOMMUNISM
_cPIPES,R
942 _2udc
_cBK
999 _c16882
_d16882